Dominación política y terrorismo de Estado /
Na minha lista:
| Autor principal: | |
|---|---|
| Formato: | Texto |
| Assuntos: | |
| Tags: |
Adicionar Tag
Sem tags, seja o primeiro a adicionar uma tag!
|
MARC
| LEADER | 00000 a a2200000 04500 | ||
|---|---|---|---|
| 001 | 44248 | ||
| 003 | |||
| 040 | |||
| 100 | |a Pierre Charles, Gerard | ||
| 245 | |a Dominación política y terrorismo de Estado / |c Gerard Pierre-Charles | ||
| 650 | |a DOMINACION | ||
| 650 | |a VIOLENCIA | ||
| 650 | |a AMERICA LATINA | ||
| 650 | |a TERRORISMO | ||
| 650 | |a IMPERIALISMO | ||
| 773 | |g volumen40, número3 ( , 1978), Páginas 929-945 | ||
| 999 | |c 30398 |d 30398 | ||
